NEC and partnering : the guide to building winning teams. (Record no. 101549)

MARC details
000 -LEADER
fixed length control field 01057cam a2200265 4500
008 - FIXED-LENGTH DATA ELEMENTS--GENERAL INFORMATION
fixed length control field 010719n2001 000 0 eng u
020 ## - INTERNATIONAL STANDARD BOOK NUMBER
International Standard Book Number 0727729551
035 ## - SYSTEM CONTROL NUMBER
System control number (Sirsi) u113701
050 ## - LIBRARY OF CONGRESS CALL NUMBER
Classification number 692.8
100 ## - MAIN ENTRY--PERSONAL NAME
Personal name Bennett, J.
245 ## - TITLE STATEMENT
Title NEC and partnering : the guide to building winning teams.
260 ## - PUBLICATION, DISTRIBUTION, ETC.
Place of publication, distribution, etc. London
Name of publisher, distributor, etc. Thomas Telford
Date of publication, distribution, etc. 2001
300 ## - PHYSICAL DESCRIPTION
Extent 125p.
Dimensions 30cm. + NEC partnering option (9p.
-- 30cm.)
350 ## - PRICE (NR) (BK AM CF MU VM SE) [OBSOLETE]
Price 50.00
520 ## - SUMMARY, ETC.
Summary, etc. Provides practical guidance on the use of the "New engineering contract", and the NEC suite of contract documentation (including the "NEC partnering option"), coupled with partnering philosophy. Accompanied by the full text of the "NEC partnering option", first published in June 2001.
650 ## - SUBJECT ADDED ENTRY--TOPICAL TERM
Topical term or geographic name entry element NEW ENGINEERING CONTRACT
650 ## - SUBJECT ADDED ENTRY--TOPICAL TERM
Topical term or geographic name entry element NEC PARTNERING OPTION
650 ## - SUBJECT ADDED ENTRY--TOPICAL TERM
Topical term or geographic name entry element NEW ENGINEERING CONTRACT (THIRD EDITION)
650 ## - SUBJECT ADDED ENTRY--TOPICAL TERM
Topical term or geographic name entry element NEW ENGINEERING CONTRACT PARTNERING OPTION
650 ## - SUBJECT ADDED ENTRY--TOPICAL TERM
Topical term or geographic name entry element PARTNERING
650 ## - SUBJECT ADDED ENTRY--TOPICAL TERM
Topical term or geographic name entry element TEAMBUILDING
690 ## - LOCAL SUBJECT ADDED ENTRY--TOPICAL TERM (OCLC, RLIN)
Topical term or geographic name as entry element Procurement
9 (RLIN) 6260
700 ## - ADDED ENTRY--PERSONAL NAME
Personal name Baird, A.
942 ## - ADDED ENTRY ELEMENTS (KOHA)
Suppress in OPAC 0
Holdings
Withdrawn status Lost status Source of classification or shelving scheme Damaged status Not for loan Home library Current library Shelving location Date acquired Cost, normal purchase price Total Checkouts Full call number Barcode Date last seen Date last checked out Copy number Cost, replacement price Price effective from Koha item type
    Dewey Decimal Classification     London London Folio 15/08/2001 42.50 21 F692.8 BEN 30064769 06/08/2019 27/05/2009 1 42.50 06/08/2019 Book
  Missing       London London Missing 14/05/2004 50.00 16 F692.8 BEN 30069262 06/08/2019 10/12/2008 2 50.00 06/08/2019 Book